1802 1877 1062 1780 1745 1915 1486 1412 1697 1188 1004 1722 1583 1113 1046 1943 1224 1207 1779 1814 1112 1268 1004 1079 1669 1460 1068 1205 1548 1842 1223 1443 1604 1734 1638 1906 1276 1349 1854 1982 1697 1196 1624 1416 1721 1767 1042 1391 1861 1028 1673 1249 1107 1229 1027 1484 1653 1489 1082 1449 1162 1746 1426 1851 1262 1786 1814 1884 1633 1882 1323 1384 1047 1253 1779 1932 1918 1146 1815 1630 1877 1011 1450 1611 1007 1744 1860 1308 1001 1035 1262 1722 1645 1523 1866 1536 1570 1432 1443 BCNSPRNW ULIB Ver.6.0+V

เปลี่ยนเป็นภาษาไทย

Change to English
 แสดงรายละเอียดบรรณานุกรม
  กลับหน้าหลัก

Brief Record : Get Marc (ISO 2709) : E-mail record : QR code < ปิดหน้าต่าง
LEADER : 00000nam 2200000uu 4500
001    13399111912
003     ULIB
008    110627s2551||||th 000 0 tha d
020    9789746906197
090    นว.^bพ273ค 2551
100 0  พรรรวดี
245 00 คุณหนูปากร้ายกันนายเก็บกด/^cพรรรวดี
260    กรุงเทพฯ :^bดอกหญ้า,^c2551
300    200 หน้า
945    ^p139^l0^i023621
995    ทศพร
999 ^a ใช้งานได้ทุกระบบ
รายการนี้ยังไม่มีแท็ก
คุณยังไม่ได้ล็อกอิน คุณสามารถมีกิจกรรมร่วมกับเว็บไซต์ได้ แต่ต้องล็อกอินก่อน ::
  ล็อกอิน

รายการสื่อสารสนเทศ

ลำดับที่ ประเภท เลขเรียก/บาร์โค้ด สถานที่ สถานะ
- ไม่พบข้อมูล -

BibComment


ยังไม่เคยถูกคอมเมนท์

คอมเมนท์ทรัพยากรรายการนี้
  คอมเมนท์: คุณหนูปากร้ายกันน..


 Copyright 2026. Bcnsprnw @Library